Výkaz ziskov a strát v komerčnej poisťovni

Konštrukcia výkazu ziskov a strát. Technický výsledok hospodárenia. Technické výnosy poisťovne. Technické náklady poisťovne. Finančný výsledok. Výkaz ziskov a strát podľa IAS/IFRS.

Na minha lista:
Detalhes bibliográficos
Autor principal: Juhászová, Zuzana, 1970-
Formato: Capítulo de Livro
Idioma:eslovaco
Assuntos:
Tags: Adicionar Tag
Sem tags, seja o primeiro a adicionar uma tag!

MARC

LEADER 00000nla$a2200000$$$4500
001 0067136
005 20240502071813.8
041 0 |a slo 
044 |a SK 
245 1 0 |a Výkaz ziskov a strát v komerčnej poisťovni  |c Zuzana Juhászová 
520 |a Konštrukcia výkazu ziskov a strát. Technický výsledok hospodárenia. Technické výnosy poisťovne. Technické náklady poisťovne. Finančný výsledok. Výkaz ziskov a strát podľa IAS/IFRS. 
610 2 0 |a účtovníctvo 
610 2 0 |a poisťovne komerčné 
610 2 0 |a výkaz ziskov a strát 
610 2 0 |a príjmy 
610 2 0 |a výdavky 
610 2 0 |a zmluvy poistné 
610 2 0 |a poistné 
610 2 0 |a hospodárenie finančné 
610 2 0 |a IFRS 
100 1 |a Juhászová, Zuzana, 1970-